Presidents of the USA who died in office - Statistics

General Stats
  • This quiz has been taken 18 times
  • The average score is 7 of 16
Answer Stats
Hint Answer % Correct
1881 James A. Garfield
80%
1963 John F. Kennedy
80%
1865 Abraham Lincoln
73%
1945 Franklin D. Roosevelt
73%
1841 William Henry Harrison
73%
1901 William McKinley
53%
1850 Zachary Taylor
53%
Assassinated by: John Wilkes Booth
47%
Days in office: 31
40%
1923 Warren G. Harding
40%
Succeeded by: Chester A Arthur
33%
Cause of death: Heart Attack / Congestive Heart Failure
33%
Had a ____ named after him: Mountain
20%
Famous British Sci-Fi TV show that first aired one day after his death: Doctor Who
13%
Died 5 days after: July 4 / American independence day
0%
Name of personal retreat where he died: Little White House
0%
No matching quizzes found
Score Distribution
Percent of People with Each Score
Percentile by Number Answered
Your Score History
You have not taken this quiz